MICROSOFT OFFEICE XP (Record no. 33150)

MARC details
000 -LEADER
fixed length control field 00457nam a22001937a 4500
005 - DATE AND TIME OF LATEST TRANSACTION
control field 20230829162014.0
008 - FIXED-LENGTH DATA ELEMENTS--GENERAL INFORMATION
fixed length control field 230726b |||||||| |||| 00| 0 eng d
020 ## - INTERNATIONAL STANDARD BOOK NUMBER
ISBN 9780619243746
082 ## - DEWEY DECIMAL CLASSIFICATION NUMBER
Classification number 005.369
Item number JAM-M
100 ## - MAIN ENTRY--AUTHOR
Author Name JAMRICH,JUNE
245 ## - TITLE STATEMENT
Title MICROSOFT OFFEICE XP
250 ## - EDITION STATEMENT
Edition statement 2nd.ed.
260 ## - PUBLICATION, DISTRIBUTION, ETC.
Place of Publication USA
Name of publisher, distributor, etc. Course Technology
Date of publication, distribution, etc. 2002
300 ## - PHYSICAL DESCRIPTION
Pages 2.42
500 ## - GENERAL NOTE
General note include index
650 ## - SUBJECT ADDED ENTRY--TOPICAL TERM
Subject / Department Computer
700 ## - ADDED ENTRY--PERSONAL NAME
Personal name JUNE JAMRICH

No items available.

Powered by Koha